|
|
|
|
| LEADER |
00000naa a2200000uu 4500 |
| 001 |
vtls011084663 |
| 003 |
SK-MaSNL |
| 005 |
20260302105024.0 |
| 008 |
210905|1996 xo |||||||||||||||||eng| |
| 015 |
|
|
|a SNBRA
|
| 035 |
|
|
|a (urnnbn)urn:nbn:sk:snk:ar-a0clek
|
| 035 |
|
|
|a (uuid)32f9ae06-af1c-4c7b-8cbe-51c16099bad8
|
| 035 |
|
|
|a urn:nbn:sk:snk-aavrat
|
| 040 |
|
|
|a SNKBUCL
|b slo
|c SNKBUCL
|e AACR2
|
| 041 |
0 |
|
|a eng
|
| 044 |
|
|
|a xo
|c SK
|
| 100 |
1 |
|
|a Řezáč, P.
|4 aut
|9 783029
|
| 245 |
1 |
0 |
|a ELECTRICAL IMPEDANCE OF THE VAGINAL MUCOSA DURING OESTROUS CYCLE IN MARES
|c P. Řezáč, I. Olič, M. Pöschl
|
| 700 |
1 |
|
|a Olič, I.
|4 aut
|9 783030
|
| 700 |
1 |
|
|a Pöschl, M.
|4 aut
|9 783028
|
| 773 |
0 |
|
|t Zborník z medzinárodnej vedeckej konferencie "Agronomická fakulta a vývoj poľnohospodárstva na Slovensku"
|d Nitra : Vysoká škola poľnohospodárska, 1996
|g S. 100-101
|z 8071372781
|
| 958 |
|
|
|a OND
|
| 958 |
|
|
|a article12
|
| 958 |
|
|
|a chapter
|
| 999 |
|
|
|c 1237115
|d 1239045
|